000
00302 a2200157 4500
001
163075
020
_a
040
_c
Magnum
100
_a
Lavis, Steve
240
1
0
_a
Co-coro-co-coo
_l
por
245
1
0
_a
Co-coro-co-coo
362
0
_a
1899
440
1
_a
Ática
697
_a
I/ANIMAIS
942
_c
BK
999
_c
163075
_d
163075